AFRICAN JOURNAL OF MODERN SOCIETY (Record no. 37249)
[ view plain ]
| 000 -LEADER | |
|---|---|
| fixed length control field | 00487nam a2200157Ia 4500 |
| 022 ## - INTERNATIONAL STANDARD SERIAL NUMBER | |
| ISSN | 2141-3878 |
| 050 ## - CALL MARK | |
| Classification number | HN831 .A33/ |
| 245 ## - TITLE STATEMENT | |
| Title | AFRICAN JOURNAL OF MODERN SOCIETY |
| 250 ## - EDITION / VOLUME STATEMENT | |
| Edition / Volume statement | Vol. 5, No. 3 |
| 260 ## - PUBLICATION, DISTRIBUTION, ETC. (IMPRINT) | |
| Place of publication | Nasarawa State Keffi |
| Name of publisher | Department of Sociology |
| Year of publication | 2023 |
| 300 ## - PHYSICAL DESCRIPTION | |
| Number of Pages | viii, 290 p. ill.: 23 cm. |
| 490 ## - SERIES STATEMENT | |
| Series statement | Vol. 5, No. 3 |
| 650 ## - SUBJECT ADDED ENTRY--TOPICAL TERM | |
| Topical Term | Nigeria--Social conditions--Periodicals Nigeria--Economic conditions--Periodicals |
| 942 ## - ADDED ENTRY ELEMENTS (KOHA) | |
| Koha item type | Serials |
| Source of classification | Library of Congress Classification |
No items available.